000
00376nam a22001697a 4500
003
MPLRDC
005
20220104123954.0
008
210129b ||||| |||| 00| 0 eng d
082
_a
802.6 HR-2
100
_a
何容著
245
_a
简明国语文法
_c
250
_a
四版
260
_a
_b
正中书局
_c
1957
300
_b
平
650
_a
942
_c
BK
_o
802.6 HR-2
999
_c
15642
_d
15632